Normal view
MARC view
- Star Wars films
Entry Topical Term
001 - CONTROL NUMBER
- control field: 87203
003 - CONTROL NUMBER IDENTIFIER
- control field: OSt
005 - DATE AND TIME OF LATEST TRANSACTION
- control field: 20260209095646.0
008 - FIXED-LENGTH DATA ELEMENTS
- fixed length control field: 260209|| aca||aabn | a|a d
040 ## - CATALOGING SOURCE
- Original cataloging agency: OSt
- Transcribing agency: OSt
150 ## - HEADING--TOPICAL TERM
- Topical term or geographic name as entry element: Star Wars films
- Form subdivision: Juvenile fiction
670 ## - SOURCE DATA FOUND
- Source citation: Work cat.: (OSt)50169: Siglain, Michael, author. 71189, Star Wars : Resistance heroes /, October 4, 2019.